000 00430ntaaa2200169 4500
003 01
005 20251027202002.0
008 0714s1973 ag 01
040 _aAR-BaBN
_bspa
_cAR-BaBN
_eaacr
_dRIC
082 _a260.0000 R64
100 _aRolfsrud, Erling Nicolai
_918462
245 _aChurch etiquette for the layman
250 _a1 ed. :
_bAugustana Book Concern,
_cc1950
300 _a64 p.
650 _aIglesia
942 _cBK
999 _c14604
_d14604